| 000 | 00924cpcaa22002537a 4500 | ||
|---|---|---|---|
| 001 | mm 80005884 | ||
| 003 | DLC | ||
| 005 | 20260227111703.0 | ||
| 008 | 800129|||||||||||| eng | ||
| 010 | _amm 80005884 | ||
| 040 |
_aDLC _cDLC _edacs _dDLC |
||
| 072 | 7 |
_aR _2lcmd |
|
| 100 | 1 | _aWittemann, Charles R. | |
| 245 | 0 | 0 |
_aCharles R. Wittemann and Adolph Wittemann account book, _f1910-1913. |
| 300 |
_a1 _fitem. |
||
| 506 | 0 | _aOpen to research. | |
| 520 | 8 | _aAccount book (57 pages). | |
| 545 | 0 | _aBusinessman. | |
| 546 | _aCollection material in English. | ||
| 580 | _aForms part of: Miscellaneous Manuscripts collection. | ||
| 656 | 7 |
_aBusinessmen. _2itoamc |
|
| 700 | 1 |
_aWittemann, A. _q(Adolph), _d1845-1938. _tAccount book of Charles R. Wittemann and Adolph Wittemann _f(1910-1913) |
|
| 999 |
_c42815 _d42815 |
||